[Event "11th A.Margaryan Memorial 2021"]
[Site "Yerevan"]
[Date "2021.01.16"]
[Round "8.1"]
[White "Barseghyan, Armen Ar."]
[Black "Gharibyan, Mamikon"]
[Result "0-1"]
[WhiteElo "2362"]
[BlackElo "2432"]
[Annotator "TA"]
[PlyCount "114"]
[EventDate "2021.01.09"]
[EventType "tourn"]
[EventCountry "ARM"]
[SourceTitle "playchess.com"]
[Source "ChessBase"]
[SourceQuality "1"]

{[%evp 13,114,38,31,1,17,20,23,12,13,13,10,0,0,0,11,0,-7,0,47,49,50,50,51,43,43,17,62,-87,-96,-89,-39,-44,-57,-147,-105,-284,-285,-231,-114,-470,-121,-175,0,0,0,0,0,0,0,0,0,0,0,0,0,0,0,-83,0,-130,-127,-117,-97,-141,-170,-112,-37,-41,-13,-95,-31,-31,0,-46,-44,-101,-107,-92,-81,-114,-31,-253,-243,-362,-350,-377,-368,-357,-381,-519,-507,-529,-543,-502,-322,-1296,-1175,-1134,-1120,-1314,-646,-646,-576]} 1. Nf3 d5 2. g3 Bg4 3. Bg2 c6 4. d4 Nd7 5. Nbd2 e6 6. O-O f5 7. c4 Bd6 8. b3 {A07: Réti Opening: New York and Capablanca Systems.} Qe7 9. Bb2 Nh6 {[#]} 10. Ne5 $146 {White has an edge.} ({Predecessor:} 10. Re1 Nf7 11. Rc1 O-O 12. Nf1 Rae8 13. Ne3 Bxf3 14. Bxf3 Qf6 15. a3 Ng5 16. Bg2 {0-1 (26) Tulay,S-Mir Mahmoud,A (2024) Antalya 2006}) 10... Nxe5 11. dxe5 Bc5 12. a3 f4 13. b4 Bb6 14. c5 Bc7 15. gxf4 O-O 16. f3 Bh5 17. e3 Nf5 18. Qe1 Kh8 19. Nb3 g5 {Strongly threatening ...gxf4.} 20. fxg5 (20. e4 $14 {keeps the upper hand.} Ng7 21. f5 exf5 22. exd5 cxd5 23. Qd2) 20... Qxg5 $17 21. f4 Qg4 {[%mdl 1024] Black has strong compensation.} 22. h3 Qg6 23. Ra2 (23. Kh2 $1 $15) 23... Rg8 {[%csl Gg8][%cal Rg6g2]} 24. Ba1 $2 (24. Bc3 $17) 24... Bd8 $19 25. Nd4 {Black should prevent Nxf5.} Bh4 (25... Nh4 $1 $19 {[%cal Rh4g2]} 26. f5 Nxg2 27. fxg6 Nxe1 28. Rxe1 Bh4) 26. Qc3 $2 {[%mdl 8192]} (26. Qc1 $17 {was the crucial defense.}) 26... Rg7 $2 (26... Nxd4 $19 {and Black stays clearly on top.} 27. exd4 Qf5) 27. Qd3 (27. Qc2 $17) 27... Nxd4 $2 (27... Rag8 $19 28. Nxf5 Bf3 $1 {[%mdl 512]} 29. Nxh4 (29. Rxf3 {leads to mate.} Qxg2+ 30. Rxg2 Rxg2+ 31. Kf1 Rg1+ 32. Ke2 R8g2+ 33. Rf2 Rxf2#) 29... Qxd3 30. Nxf3 Qxe3+ {[%mdl 64] Double Attack} 31. Kh1 Qxf4) 28. Qxg6 $11 Ne2+ 29. Rxe2 $1 Bxg6 30. Rd2 Bf5 31. Kh2 Bg3+ 32. Kh1 Rag8 33. Bd4 Rg6 34. Rfd1 Rh6 35. Kg1 (35. Rb2 $1 $11) 35... Bh4 (35... Rxh3 $17 36. Bxh3 Bxh3) 36. Kf1 (36. Kh2 $11) 36... Rhg6 $17 37. Bf3 Rg3 38. Ke2 Rxh3 {( -> ...Rh2+)} 39. Rf1 Rhg3 (39... Be7 $17 40. Kd1 h5) 40. Rb2 $15 Rxf3 $40 {[%mdl 128] White needs to defend precisely.} 41. Rxf3 (41. Kxf3 $11 {keeps the balance.} Bg4+ 42. Kg2) 41... Bg4 ({Black should play} 41... Rg1 $1 $17 {And now ...Bg4 would win.} 42. Kd2 Bg4) 42. Rb1 h5 43. Rbf1 Kh7 44. Kd3 (44. Bc3 $15) 44... Bf5+ $17 45. Kc3 {[#]} Kh6 $1 46. Rh1 {[#]} Bg3 (46... Be4 $1 $17 47. Rfh3 Bxh1 48. Rxh4 Be4) 47. Rff1 $2 ({Better is} 47. Kd2 $1 $15) 47... h4 $19 48. Kd2 (48. Rfg1 {was called for.} Kh5 49. Kb3) 48... Kh5 49. Bc3 h3 50. Ke2 Kh4 51. Rfg1 Bg4+ 52. Kf1 {intending Be1.} Bf3 53. Rh2 {White wants to play Be1.} Rg4 54. Be1 $2 (54. Rxg3 Kxg3 55. Kg1) 54... Bxe1 {Black is clearly winning.} 55. Rxg4+ Kxg4 56. f5 Bg2+ (56... Bh4 $142 57. f6 Kg3 58. Rxh3+ Kxh3) 57. Kxe1 {Threatens to win with f6.} Kxf5 {Weighted Error Value: White=0.66/Black=0.34} 0-1

[Event "11th A.Margaryan Memorial 2021"]
[Site "Yerevan"]
[Date "2021.01.16"]
[Round "8.2"]
[White "Lobanov, Sergei"]
[Black "Mikaelyan, Arman"]
[Result "1-0"]
[WhiteElo "2510"]
[BlackElo "2485"]
[Annotator "TA"]
[PlyCount "153"]
[EventDate "2021.01.09"]
[EventType "tourn"]
[EventCountry "ARM"]
[SourceTitle "playchess.com"]
[Source "ChessBase"]
[SourceQuality "1"]

{[%evp 17,153,25,33,11,17,16,17,6,18,7,17,7,8,0,0,0,30,29,68,46,39,47,130,132,134,128,141,152,154,128,121,118,143,180,189,171,160,149,186,171,322,163,162,162,162,132,187,264,271,278,264,249,261,249,188,179,434,434,420,427,427,414,427,403,357,345,208,253,1406,1358,1423,1403,6746,5501,5418,11866,5085,2148,29959,29963,29962,29964,29964,29966,29964,29965,29967,29969,29969,29970,29970,29970,29972,29971,29971,29974,29975,29973,29974,29975,29975,29975,29975,29976,29977,29976,29975,29977,29974,29978,29978,29979,29985,29986,29986,29984,29984,29985,29985,29986,29988,29989,29991,29992,29992,29993,29993,29994,29994,29993,29993,29994,29995,29995,29996,29997,29997,4153]} 1. e4 e5 2. Nf3 Nc6 3. Bb5 a6 4. Ba4 Nf6 5. O-O b5 6. Bb3 Bc5 7. a4 Rb8 8. c3 d6 9. d4 Bb6 10. a5 {C78: Ruy Lopez: Archangelsk and Möller Defences.} Ba7 ({Don't go for} 10... Bxa5 $2 11. dxe5 (11. d5 Ne7 $18) 11... dxe5 12. Qxd8+ Kxd8 13. Bd5 $18 (13. Bxf7 Bb6 $16)) 11. h3 O-O 12. Be3 {The position is equal.} exd4 13. cxd4 Nb4 {outshines the older 13...Nxe4.} 14. Nc3 Bb7 15. Qb1 h6 {[#]} 16. Re1 $146 ({Predecessor:} 16. e5 Nfd5 17. Ne4 dxe5 18. Nxe5 Qh4 19. Nd7 Nxe3 20. Nef6+ gxf6 21. fxe3 Bxd4 22. exd4 Qxd4+ {0-1 (59) Seemann,J (2323)-Janik,I (2480) Krakow 2021}) 16... Re8 17. e5 Nfd5 18. Qf5 Re6 19. Rad1 Nxe3 ({Black should play} 19... Qf8 $14) 20. Rxe3 $16 d5 21. Ne2 $1 Bc8 22. Qh5 c6 23. Nf4 $1 Re8 24. g4 Qe7 25. g5 Bf5 26. gxh6 g6 27. Qg5 Kh7 28. h4 c5 $2 (28... Rb7 29. Qg3 Rg8) 29. Nxd5 (29. dxc5 $142 Bxc5 30. Rc3) 29... Nxd5 $18 30. Bxd5 {Strongly threatening Qf4.} cxd4 31. Nxd4 Qxg5+ (31... Bxd4 $16 {was worth a try.} 32. Rxd4 Rbd8) 32. hxg5 Rbd8 33. Nxf5 ({Stronger than} 33. Bxf7 Re7 $17) 33... Bxe3 34. Nxe3 Rxe5 35. b4 ({Inferior is} 35. Bxf7 Rxd1+ 36. Nxd1 Re1+ 37. Kh2 Rxd1 $11) 35... Rxg5+ 36. Kf1 Kxh6 $2 (36... Rd7 37. Bf3 Rxd1+ 38. Nxd1 Rf5) 37. Bb7 Rxd1+ 38. Nxd1 Rg4 39. Bxa6 Rxb4 {[#]} 40. Bb7 $1 Ra4 41. a6 f5 {[#] If only Black now had time for ...Ra2....} 42. Ke2 $1 Ra3 (42... g5 43. Nc3 Ra5 44. Nxb5 Rxb5) 43. Kd2 b4 44. Kc2 g5 45. Ne3 g4 46. Nc4 Ra1 47. Kb2 Rxa6 48. Bxa6 {White mates.} f4 49. Bb7 g3 50. fxg3 fxg3 51. Ne3 g2 52. Nxg2 Kg5 53. Kb3 Kf5 54. Kxb4 Ke5 55. Kc5 Ke6 56. Kd4 Kf6 57. Ne3 Ke6 58. Bd5+ Kf6 59. Ke4 Kg5 60. Ke5 Kg6 61. Be6 Kg7 62. Kf5 Kh6 63. Ng4+ Kg7 64. Ne5 Kf8 65. Kf6 Ke8 66. Nd7 Kd8 67. Kf7 Kc7 68. Ke7 Kc6 69. Bc4 Kb7 70. Kd6 Kc8 71. Nc5 Kd8 72. Bb5 Kc8 73. Ne6 Kb8 74. Kc6 Kc8 75. Ba6+ Kb8 76. Kb6 Ka8 77. Nd4 {Weighted Error Value: White=0.06/Black=0.27} 1-0

[Event "11th A.Margaryan Memorial 2021"]
[Site "Yerevan"]
[Date "2021.01.16"]
[Round "8.3"]
[White "Makaryan, Rudik"]
[Black "Daneshvar, Bardiya"]
[Result "0-1"]
[WhiteElo "2461"]
[BlackElo "2399"]
[Annotator "TA"]
[PlyCount "144"]
[EventDate "2021.01.09"]
[EventType "tourn"]
[EventCountry "ARM"]
[SourceTitle "playchess.com"]
[Source "ChessBase"]
[SourceQuality "1"]

{[%evp 14,144,6,0,3,0,18,-6,-3,-16,20,44,36,0,0,0,0,-33,-34,-31,-38,-66,-60,-63,-64,-65,-64,-50,-43,-56,-20,-53,-46,-52,-59,-60,-32,-30,-18,-18,-15,-28,-45,-127,-134,-121,-122,-120,-117,-130,-134,-112,-115,-137,-138,-168,-95,-100,-79,-92,-51,-64,-45,-32,-21,-34,-29,-41,0,-50,-29,-37,-29,-46,-35,-76,-46,-51,-20,-71,0,0,0,-23,0,-273,-273,-445,-403,-497,-497,-497,-497,-497,-497,-497,-497,-490,-490,-490,-472,-454,-437,-307,-80,-80,-30,-75,-8,-80,-79,-552,-286,-4534,-4555,-2868,-1728,-2926,-1967,-12465,-29954,-29956,-29961,-29970,-29971,-29970,-29971,-29973,-29968,-29964,-29965,-11478,-4602]} 1. d4 d5 2. c4 e6 3. Nf3 c6 4. e3 Nf6 5. b3 Nbd7 6. Bd3 Bb4+ 7. Bd2 Bd6 8. Nc3 O-O {D45: Semi-Slav: 5 e3.} 9. O-O Re8 10. e4 {[#]} dxc4 $146 {The position is equal.} ({Predecessor:} 10... dxe4 11. Nxe4 Nxe4 12. Bxe4 e5 13. dxe5 Nxe5 14. Qc2 f5 15. Bxf5 Nxf3+ 16. gxf3 Bxf5 17. Qxf5 Bxh2+ 18. Kxh2 Qxd2 {1-0 (47) Chan,K (2187)-Bratkovic,J (2186) Poprad 2016}) 11. Bxc4 b5 {[#]} 12. e5 $1 bxc4 13. bxc4 Bf8 14. exf6 Nxf6 15. c5 e5 16. dxe5 Nd7 17. Qe2 Nxc5 18. Rfd1 Qd3 19. Be1 Qxe2 20. Nxe2 Be6 21. Nfd4 Bd5 22. f4 Ne4 23. Nc3 Nxc3 24. Bxc3 Rad8 25. Nb3 f6 26. exf6 Re2 27. fxg7 Bxg7 28. Bxg7 (28. Kf1 $15 Rde8 29. Bxg7 Kxg7 30. Nd4 Rxg2 31. Nf5+ Kf6 32. Rxd5 {[%mdl 64] Remove Defender} cxd5 33. Kxg2 Kxf5 34. Rd1) 28... Rxg2+ $17 ({But not} 28... Kxg7 29. Rd2 $15) 29. Kf1 {Hoping for Rxd5!} Rxg7 30. Rd4 Rf8 31. Nc5 Rg4 32. Nd3 Rh4 33. Kf2 Rxh2+ 34. Ke3 Rh3+ ({Don't do} 34... Rxa2 35. Rxa2 Bxa2 36. Ra4 $15) (34... Kh8 $19 {And now ...Rg8 would win.} 35. Ne5 Rh3+ 36. Kd2 Rg8) 35. Kd2 Rg3 36. Nb4 Bg2 37. Rc1 $1 Rf6 38. Rc5 h6 39. Nd3 Bd5 40. Nb4 Bg2 41. Re5 Rg7 42. Nd3 Kh7 43. Rd8 Bd5 44. Ree8 Kg6 45. a4 a5 46. Ke3 (46. Ra8 $11 {remains equal.}) 46... h5 (46... Kh5 $17 47. Kd4 Kh4) 47. Re5 $11 h4 {...h3 is the strong threat.} 48. Nf2 {Threatening Ng4.} Kh7 {Strongly threatening ...Rg3+.} 49. f5 $2 {[%mdl 8192]} (49. Ne4 $1 $11 Bxe4 50. Kxe4) 49... h3 $1 $19 {[%cal Rh3h2]} 50. Kf4 $2 (50. Nxh3 Rg3+ {[%mdl 64] Double Attack} 51. Kd4 Rxh3 52. Re7+ Rf7 53. Rxf7+ Bxf7 54. Kc5) 50... h2 51. Ree8 {[%csl Gd8][%cal Re8h8] [#]} Rxf5+ $3 {[%mdl 512]} 52. Kxf5 {[%csl Gd8][%cal Re8h8]} Rf7+ 53. Ke5 Rxf2 {[%mdl 4096] Endgame KRR-KRB} 54. Rh8+ Kg7 55. Ra8 h1=Q 56. Rxh1 Bxh1 57. Rxa5 {KRB-KR} Rd2 58. Ra7+ Kf8 $2 (58... Kg6 $19 {and Black stays clearly on top. Threatens to win with ...Rd5+.} 59. a5 Rd5+ 60. Ke6 Be4) 59. a5 $17 Ke8 {White must now prevent ...Rd7.} (59... Ra2 {with more complications.} 60. a6 Bg2 61. Kf6 c5 62. Ke5 Ra1) 60. a6 Rd7 ({Black should play} 60... c5 $17 {aiming for ...Rd7.} 61. Rh7 Bf3) 61. Rb7 (61. Ra8+ $1 $11 Rd8 62. Ra7 (62. Rxd8+ $2 Kxd8 63. Kf5 Kc7 64. Kf4 Kb6 65. a7 c5 66. Kg4 Kb5 67. Kf4 c4 68. Ke3 Kb4 69. Kf4 c3 70. Ke3 c2 71. Kf4 Ba8 72. Kf5 c1=Q 73. Kf6 Qh6+ 74. Ke5 Qg6 75. Kf4 Qf6+ 76. Kg4 Kc3 77. Kg3 Qg5+ 78. Kh3 Kd4 79. Kh2 Qg2#)) 61... c5 62. Rb8+ $2 {[%mdl 8192] This costs White the game.} (62. Rb1 $17 {is a better chance.} Bc6 63. Rb6) 62... Rd8 63. a7 $2 (63. Rb1 Ba8 64. Ke6 Bd5+ 65. Ke5) 63... Kd7 $19 64. Rb5 Rc8 65. Rb1 Re8+ 66. Kf4 Bc6 67. Rb8 Re4+ 68. Kf5 Ra4 69. Rg8 Kc7 70. Ke5 Kb6 71. Rb8+ Kxa7 72. Rb2 Rb4 {Weighted Error Value: White=0.27/Black=0.21} 0-1

[Event "11th A.Margaryan Memorial 2021"]
[Site "Yerevan"]
[Date "2021.01.16"]
[Round "8.4"]
[White "Lazavik, Denis"]
[Black "Hayrapetyan, Hovik"]
[Result "1/2-1/2"]
[WhiteElo "2436"]
[BlackElo "2488"]
[Annotator "TA"]
[PlyCount "153"]
[EventDate "2021.01.09"]
[EventType "tourn"]
[EventCountry "ARM"]
[SourceTitle "playchess.com"]
[Source "ChessBase"]
[SourceQuality "1"]

{[%evp 15,153,18,23,18,18,16,18,20,34,25,23,26,43,0,20,20,20,20,22,20,55,0,0,0,40,37,29,37,37,35,50,38,91,23,38,18,18,15,31,8,28,0,24,13,12,0,46,28,28,28,36,30,39,31,42,41,42,31,76,76,79,79,123,123,135,128,148,145,135,131,166,171,160,154,228,200,226,197,197,199,243,243,310,310,310,309,274,274,274,274,286,106,106,106,106,106,106,106,106,106,106,106,106,106,106,106,106,106,106,59,290,173,405,407,388,358,109,0,0,0,0,0,0,0,0,0,0,0,0,0,0,0,0,0,0,0,0,0,0,0]} 1. d4 Nf6 2. c4 e6 3. Nf3 d5 4. Nc3 c6 5. Bg5 Be7 6. e3 Nbd7 7. Rc1 O-O 8. Qc2 b6 9. cxd5 {D64: Queen's Gambit Declined: Classical: 7 Rc1 c6 8 Qc2.} cxd5 10. Bd3 Bb7 11. O-O h6 {[#]} 12. Bf4 $146 ({Predecessor:} 12. Bh4 Rc8 13. Qb1 a6 14. b4 Nh5 15. Bxe7 Qxe7 16. b5 Qa3 17. Qb3 Qa5 18. Qa4 axb5 19. Bxb5 {½-½ (42) Demuth,A (2332)-Cosma,I (2458) France 2008}) 12... Nh5 13. Be5 Nhf6 14. Bf4 Nh5 15. Qe2 Nxf4 16. exf4 Bd6 17. Ne5 a6 18. Rfe1 (18. Na4 $14) 18... b5 $11 19. Qh5 f5 20. Ne2 Nxe5 21. fxe5 Bb4 22. Rf1 Qe8 23. Qh3 Rc8 (23... Bc8 $14) 24. f4 ({Better is} 24. g4 $1 $16) 24... Qg6 25. Rcd1 Bc6 26. Kh1 h5 27. Qe3 Be7 28. Ng1 Rc7 29. Nf3 Rfc8 30. g3 Be8 31. Rg1 Qh6 32. h3 Bd7 33. Rg2 Rf8 34. Rf1 Bd8 35. Nh2 g6 36. g4 Kh8 37. gxf5 gxf5 38. Nf3 Be8 39. h4 Rg8 {With the idea ...Rg4.} 40. Ng5 Bxg5 41. hxg5 ({But not} 41. fxg5 Qg7 $16) 41... Qf8 42. Qe1 Bg6 43. Rff2 Qb8 44. Rc2 Rgc8 {[#]} (44... b4 $16 {might work better.}) 45. Qb4 $1 $18 Rxc2 46. Rxc2 Rxc2 47. Bxc2 Qc8 48. Qc5 Qxc5 49. dxc5 {[%mdl 4096] Endgame KB-KB} Be8 50. Bd1 Kg7 51. c6 Bxc6 52. Bxh5 Kf8 53. b4 $2 (53. a3 $18 {has better winning chances.}) 53... Be8 $16 54. Bf3 Ke7 55. Kg2 Kd7 56. Kg3 Ke7 57. Bd1 Kd8 58. Kf2 Kc7 59. Ke3 Kb6 60. Kd4 Kc6 61. a4 Kb6 62. axb5 (62. a5+ {with more complications.} Kc6 63. Be2 Bg6 64. Bf3 Bf7 65. Bg2) 62... axb5 $2 ({Black should try} 62... Kxb5 $14 63. Be2+ Kb6) 63. Be2 (63. Ke3 $142 Kc6 64. Bf3) 63... Kc6 $18 64. Ke3 Kb6 {[#]} 65. Kf2 $1 Kc7 66. g6 (66. Kg3 $16) 66... Bxg6 $11 {The position is equal.} 67. Bxb5 Kd8 68. Ke3 Be8 69. Bd3 {Threatening Kd4.} (69. Ba6 {seems wilder.} Kc7 70. Kd4 Kc6 71. b5+ Kb6 72. Bc8) 69... Kc7 70. Kd4 {And now Kc5 would win.} Kc6 71. Ba6 Bd7 72. Kc3 (72. Be2 {looks sharper.} Kb6 73. Kc3 Bc6 74. Bd1 Bd7 75. Bh5) 72... Kb6 73. Be2 Be8 74. Bf1 Bb5 75. Bg2 Be2 76. Kd4 (76. Kd2 $5 {[%cal Rd2e2]} Bc4 77. Kc3 $11) 76... Kc6 77. Bh1 {Blacks defense is rewarded with a draw.  Weighted Error Value: White=0.11/Black=0.12} 1/2-1/2

[Event "11th A.Margaryan Memorial 2021"]
[Site "Yerevan"]
[Date "2021.01.16"]
[Round "8.5"]
[White "Babujian, Levon"]
[Black "Sargsyan, Anna M."]
[Result "1-0"]
[WhiteElo "2440"]
[BlackElo "2402"]
[Annotator "TA"]
[PlyCount "139"]
[EventDate "2021.01.09"]
[EventType "tourn"]
[EventCountry "ARM"]
[SourceTitle "playchess.com"]
[Source "ChessBase"]
[SourceQuality "1"]

{[%evp 13,139,13,13,18,75,35,52,54,56,58,58,64,86,74,84,64,92,89,83,81,83,70,77,70,72,80,166,168,170,179,157,174,183,133,132,130,266,270,302,302,310,302,308,298,333,312,313,287,317,304,318,294,292,290,428,441,427,377,368,369,443,414,408,407,402,403,392,372,447,447,440,440,440,440,477,340,373,369,392,392,385,385,385,385,385,379,511,473,504,517,492,479,516,503,473,442,429,428,427,402,427,417,364,292,12840,12841,12841,12841,12844,12844,12845,12845,12845,12846,12846,12847,12847,12847,12850,12846,12846,12847,12847,12847,12849,12849,12850,27999]} 1. d4 Nf6 2. c4 g6 3. Nc3 d5 4. Bg5 Ne4 5. Bh4 Nxc3 6. bxc3 dxc4 7. e3 Be6 8. Nf3 {D80: Grünfeld: Unusual White 4th moves and 4 Bg5.} f6 {[#]} (8... Bg7 $11 {remains equal.}) 9. Qb1 $146 {[%mdl 1024] White has strong compensation.} ({Predecessor:} 9. Rb1 b6 10. Nd2 c6 11. a4 Bg7 12. Nxc4 Nd7 13. Bd3 O-O 14. O-O Bf7 15. Qe2 Qc7 {½-½ (42) Radzikowska,K (2105)-Mayer Vokralova,S Bydgoszcz 1978}) 9... b6 10. Nd2 {White is slightly better.} Qd7 11. Be2 ({Much weaker is} 11. Bxc4 $6 Bxc4 12. Nxc4 Qc6 $11) 11... Bg7 12. O-O O-O 13. Nxc4 Bf7 14. a4 a5 15. Bg3 Nc6 16. Rd1 Rad8 17. Qb5 Na7 18. Qxd7 Rxd7 19. Na3 Bb3 {[#]} (19... e6 $16 {might work better.}) 20. Rdb1 $1 $18 {[%cal Rb1b3]} Bxa4 21. Bc4+ Kh8 {and if ...e5 works, Black does fine.} 22. Be6 {aiming for Nc4.} Rfd8 23. Bxd7 Rxd7 24. Nc4 $36 {[%mdl 2048] White is in control.} Bc2 {This costs Black the game.} (24... Bb5 $16) 25. Rb2 Bd3 26. Nxa5 {Nb7 is the strong threat.} Kg8 {[#]} 27. Rd2 $1 {Black must now prevent Nb7.} Bf5 28. Nb3 Nc6 29. Ra8+ Kf7 30. c4 Bh6 31. d5 Ne5 32. Bxe5 fxe5 33. Kf1 c6 (33... e6 $142 34. dxe6+ Kxe6) 34. dxc6 Rc7 35. c5 bxc5 36. Na5 Bg7 37. Rb8 e4 38. Rc2 Be5 39. Rxc5 Bd6 40. Rcb5 Bc8 {If only Black now had time for ...Ba6....} 41. Ra8 Kf6 42. Rbb8 Be6 43. Rb7 Ke5 44. Rxc7 Bxc7 {[%mdl 4096] Endgame KRN-KB} 45. Nb7 Kd5 46. Nd8 Bf5 47. h3 h5 48. Ke2 Kc5 49. Kd2 e5 50. Kc3 Kb5 51. Kb3 Kc5 52. Ka4 g5 53. Kb3 h4 54. Kc2 g4 55. hxg4 Bxg4 56. Nf7 h3 57. gxh3 Bxh3 58. Ng5 Bg2 (58... Bf1 59. Nxe4+ Kxc6) 59. Ne6+ {White is clearly winning.} Kxc6 60. Nxc7 Kxc7 {KR-KB} 61. Ra6 Kd7 62. Kc3 Bf1 63. Rb6 Ke7 64. Kb4 Bh3 65. Kc5 Be6 66. Rb7+ Kf6 67. Kd6 Bg4 68. Re7 Bf5 69. Rxe5 Kg5 70. Rxf5+ {Weighted Error Value: White=0.08/Black=0.22} 1-0

[Event "11th A.Margaryan Memorial 2021"]
[Site "Yerevan"]
[Date "2021.01.17"]
[Round "9.1"]
[White "Sargsyan, Anna M."]
[Black "Barseghyan, Armen Ar."]
[Result "1/2-1/2"]
[WhiteElo "2402"]
[BlackElo "2362"]
[Annotator "TA"]
[PlyCount "73"]
[EventDate "2021.01.09"]
[EventType "tourn"]
[EventCountry "ARM"]
[SourceTitle "playchess.com"]
[Source "ChessBase"]
[SourceQuality "1"]

{[%evp 10,73,12,8,33,33,33,33,33,35,30,34,46,29,32,0,0,-12,6,0,0,-16,-12,-16,-21,-33,0,0,0,-38,-32,-71,-75,-70,-58,-118,-26,-31,-23,-35,-42,-36,0,0,0,0,0,0,0,0,6,6,15,0,0,0,0,0,0,0,0,0,0,0,0,0]} 1. e4 c5 2. Nf3 Nc6 3. Bb5 g6 4. Bxc6 bxc6 5. O-O Bg7 6. Re1 Qc7 {B31: Sicilian: 2...Nc6 3 Bb5 g6.} 7. c3 d6 8. d4 cxd4 {White is slightly better.} 9. cxd4 Nf6 10. Nc3 O-O 11. h3 Bb7 {[#]} 12. Qc2 $146 ({Predecessor:} 12. e5 dxe5 13. dxe5 Rfd8 14. Qc2 Nd5 15. Nxd5 Rxd5 16. e6 f6 17. Be3 a5 18. Bc5 {0-1 (55) Giri,A (2776)-Carlsen,M (2870) Kolkata 2019}) 12... c5 13. d5 Nd7 14. Bf4 a5 15. Rad1 Rfb8 16. h4 Ba6 17. h5 Qb6 18. Na4 Qb4 {[%cal Rg7b2]} 19. hxg6 hxg6 {[%cal Rg7b2]} 20. Bd2 Qc4 21. Nc3 a4 22. Rc1 (22. Qxa4 $15 Qxa4 23. Nxa4) 22... Qd3 (22... Ne5 $17 {White must now prevent ...Nd3.} 23. Nxe5 Bxe5) 23. Qd1 $1 $11 Ne5 24. Nxe5 Bxe5 25. Nxa4 Bd4 26. b3 {The position is equal.} c4 {[%cal Rc4b3]} 27. Be3 Qxd1 28. Rcxd1 Bxe3 29. Rxe3 cxb3 30. axb3 Bc4 31. bxc4 {[#] Threatens to win with Nc3.} Rxa4 {[%mdl 4096] Endgame KRR-KRR} 32. Rc1 Rb2 33. e5 dxe5 34. Rxe5 Raa2 35. Rf1 Kf8 36. c5 Rd2 37. d6 {Accuracy: White = 86%, Black = 81%.} 1/2-1/2

[Event "11th A.Margaryan Memorial 2021"]
[Site "Yerevan"]
[Date "2021.01.17"]
[Round "9.2"]
[White "Hayrapetyan, Hovik"]
[Black "Babujian, Levon"]
[Result "1/2-1/2"]
[WhiteElo "2488"]
[BlackElo "2440"]
[Annotator "TA"]
[PlyCount "162"]
[EventDate "2021.01.09"]
[EventType "tourn"]
[EventCountry "ARM"]
[SourceTitle "playchess.com"]
[Source "ChessBase"]
[SourceQuality "1"]

{[%evp 25,162,-20,0,-25,-21,-31,-17,-29,-29,-32,-17,-12,-13,-12,-6,-31,-37,-22,-21,-47,-47,-40,-49,-81,-81,-91,-91,-91,-91,-91,-91,-91,-91,-91,-91,-95,-94,-92,-94,-94,-91,-94,-94,-94,-91,-91,-91,-132,-135,-142,-94,-153,-153,-153,-153,-213,-213,-206,-206,-199,-165,-158,-158,-158,-29,-29,-36,-36,-20,-43,-20,-20,-20,-20,-20,-20,-20,-27,-20,-20,-20,-20,-20,-27,-20,-20,0,-27,-14,-14,-14,-14,-14,-14,-14,-14,-14,-14,-9,-9,-9,-10,-9,-9,0,0,0,-8,0,-8,-7,-9,-8,-10,-10,-10,-10,-10,-10,-10,-10,-10,-10,-17,-17,-17,-17,-17,-17,-17,0,-17,-17,-17,-17,-17,0,-17,-17]} 1. Nf3 c5 2. c4 Nc6 3. Nc3 g6 4. d4 cxd4 5. Nxd4 Bg7 6. e3 Nf6 7. Be2 O-O 8. O-O d5 9. cxd5 Nxd5 10. Nxd5 Qxd5 11. Bf3 Qc5 12. Nxc6 bxc6 13. Qa4 Rb8 14. Qxc6 {A35: Symmetrical English: 2 Nc3 Nc6 3 Nf3.} Qa5 15. Qd5 {[#]} Qa6 $146 ({Predecessor:} 15... Rb5 16. Qd3 Rd8 17. Qe2 Ba6 18. Qe1 Qb6 19. Rb1 Rc5 20. Be2 Rc2 21. Bxa6 Qxa6 {0-1 (40) Sorroche Martin,J (2290)-Hernando Rodrigo,J (2185) Barcelona 1996}) 16. e4 Be6 17. Qc5 Bxb2 (17... Bf6 {is interesting.} 18. Be3 Bxb2 19. Rad1 Bc4 20. Rfe1 Bc3) 18. Bxb2 Rxb2 19. a4 Qb7 20. e5 {[#]} Rc8 $1 21. Qe3 Qb8 22. h3 Rb3 23. Qg5 Qb4 24. Rfd1 Kg7 25. Bd5 Bxd5 26. Rxd5 Rc2 27. Rb5 Qd4 28. Rf1 {[#]} Rxb5 29. axb5 $17 {[%mdl 4096] Endgame KQR-KQR} Qc5 30. Qe3 Qxe3 31. fxe3 {KR-KR} Rc5 32. Ra1 Rxe5 33. Kf2 Rxb5 34. Rxa7 Kf6 35. Ra6+ Kg5 36. Ra7 Rf5+ 37. Kg1 Kf6 38. Ra3 ({White should try} 38. Ra6+ e6 39. Ra4) 38... h5 39. Ra4 g5 40. Rb4 (40. h4 $17 {is a better defense.}) 40... h4 $19 41. Ra4 e6 42. Rb4 Kg6 43. Ra4 Kh5 44. Ra7 g4 (44... f6 $17 45. Re7 Re5) 45. hxg4+ $1 $11 Kxg4 46. Ra8 Rb5 47. Rg8+ Kf5 48. Kf2 e5 {And now ...Rb2+ would win.} 49. Kf3 $1 Rb4 50. g4+ hxg3 51. Rxg3 Rh4 52. Rg7 f6 53. Rb7 Rh3+ 54. Ke2 Rh2+ 55. Kf3 $1 Rh3+ (55... Rh4 {feels hotter.} 56. Rb5 Kg5 57. Ra5 Rh8 58. Rb5 Rh3+) 56. Ke2 Ke4 57. Rb4+ {The position is equal.} Kd5 58. e4+ Kc5 59. Ra4 (59. Rb1 {seems wilder.} Rh8 60. Kf2 Rh2+ 61. Ke3 Kd6 62. Rd1+) 59... Rb3 {White must now prevent ...Rb4.} 60. Ra6 (60. Ra5+ {keeps more tension.} Kd6 61. Ra6+ Ke7 62. Ra7+ Ke8 63. Ra8+) 60... Rb6 61. Ra5+ Kd4 62. Ra4+ Kc3 63. Ra8 Rc6 64. Rd8 Kb3 65. Rb8+ Kc2 66. Rd8 (66. Rf8 {feels hotter.} Rd6 67. Rc8+ Kb3 68. Kf3 Rd3+ 69. Kg4) 66... Kc3 67. Rd7 Kc4 68. Ke3 Kc5 69. Rd5+ Kb6 70. Rd7 Rc3+ 71. Ke2 Kc5 72. Rf7 Kd4 73. Rxf6 Kxe4 74. Rh6 Rc2+ 75. Ke1 Kd4 (75... Ra2 {is more complex.} 76. Rh3 Kf4 77. Rh4+ Ke3 78. Rh3+ Kd4) 76. Rh4+ e4 {Threatens to win with ...Kd3.} 77. Rh3 Rc1+ 78. Ke2 Ra1 79. Rg3 Ra2+ 80. Ke1 Rc2 81. Rh3 Ke5 {Black had all chances to win.  Weighted Error Value: White=0.07/Black=0.09} 1/2-1/2